Interpretations on behalf of place : environmental displacements and alternative responses

Saved in:
Bibliographic Details
Main Author: Mugerauer, Robert
Format: Book
Language:English
Published: New York : State University of New York Press, c1994
Series:SUNY series in environmental and architectural phenomenology
Subjects:
Tags: Add Tag
No Tags, Be the first to tag this record!

MARC

LEADER 00000nam a2200000 i 4500
001 1/69418
008 981102s1994 eng d
020 |a 0-7914-1944-4 
035 |l 10030372 
040 |a GR-MY-UA  |b gre  |e aacr 
041 0 |a eng 
082 0 |a 720.47 
100 1 |a Mugerauer, Robert. 
245 1 0 |a Interpretations on behalf of place :  |b environmental displacements and alternative responses /  |c Robert Mugerauer 
260 |a New York :   |b State University of New York Press,   |c c1994 
300 |a xvi, 237 p.  |b fig. 
490 1 |a SUNY series in environmental and architectural phenomenology 
504 |a Includes bibliographical references and index 
650 0 0 |a Architecture  |x Environmental aspects. 
650 0 0 |a Buildings  |x Environmental engineering. 
830 0 |a SUNY series in environmental and architectural phenomenology 
852 |a INST  |b LESVOS  |e 19981102  |h 720.47 MUG  |p 005100012853  |q 005100012853  |t BK  |y 0 
901 |a BIBL-1998-3 
909 |a Λ  |b 059976 
922 |a 1ΕΛΗ  |b 199810  |c ΚΠΣ/ΤΓ  |d ΠΑΠΑΣΩΤΗΡΙΟΥ 
950 |a 118-1998-07-21